| 000 | 00692nam a2200205Ia 4500 | ||
|---|---|---|---|
| 001 | 74194 | ||
| 003 | 148693 | ||
| 005 | 20250516130552.0 | ||
| 008 | ||||||n9999 ||| || || | ||
| 245 | 0 | _aRecuperación de la ronda de la quebrada Yomasa de la localidad de Usme | |
| 562 | _e1 | ||
| 650 | 0 |
_aESPECIALIZACIÓN EN PROYECTOS DE DESARROLLO--TESIS Y DISERTACIONES ACADÉMICAS _935350 |
|
| 650 |
_aFORMULACIÓN Y EVALUACIÓN DE PROYECTOS _937978 |
||
| 650 |
_aPROYECTOS LOCALES _940129 |
||
| 650 |
_aRECUPERACION AMBIENTAL _926382 |
||
| 650 | 0 |
_aRecursos hídricos _97558 |
|
| 650 |
_aTESIS Y DISERTACIONES ACADÉMICAS _995906 |
||
| 650 |
_aUSME, BOGOTA D.C _940788 |
||
| 942 | _cTESIS | ||
| 999 |
_c74194 _d74194 |
||